| 000 | 01026nam a22002537a 4500 | ||
|---|---|---|---|
| 001 | BD-DhSAU 7469 | ||
| 003 | BD-DhSAU | ||
| 005 | 20231122155437.0 | ||
| 008 | 150422b2006 bg ||||| m||m 00| 0 eng d | ||
| 040 | _aBD-DhSAU | ||
| 082 |
_222 _a631.521 _bSu59 |
||
| 100 |
_aSULTANA, MST. TANIA _eRegistration No. # 14-05874 |
||
| 245 |
_aManagement of major insect pests of soybean
through some ipm packages
/
_bMS thesis |
||
| 260 |
_aSher-e- Bangla Agricultural University: _bInstitute of Seed Technology, _c2022. |
||
| 300 |
_aix, 52p.: _b30 cm. |
||
| 500 | _aMS thesis of Institute of Seed Technology , Faculty of Agribusiness, Sher-e-Bangla Agricultural University, Dhaka, Bangladesh | ||
| 590 | _aNamul | ||
| 650 | _amajor insect pests | ||
| 651 | _asoybean through some ipm | ||
| 700 |
_aProf. Dr. S. M. Mizanur Rahman _eSuperviser |
||
| 700 |
_aProf. Dr. Mohammed Ali _eCo-Superviser |
||
| 856 | _uhttp://archive.saulibrary.edu.bd:8080/xmlui/handle/123456789/5072 | ||
| 942 |
_2ddc _cTHESIS |
||
| 999 |
_c17336 _d17335 |
||